Alle Parteien des Kosovo - Statistiken

Allgemein
  • Dieses Quiz wurde 19 mal gespielt
  • Das Durchschnittsergebnis liegt bei 5 aus 19
Antwortstatistiken
Partei % Korrekt
Partia e Drejtësisë
89%
Alternativa
78%
Lidhja Demokratike e Kosovës
78%
Aleanca për Ardhmërinë e Kosovës
44%
Lëvizja Vetëvendosje!
44%
Partia Demokratike e Kosovës
44%
Nisma Socialdemokrate
33%
Srpska lista
22%
Partia Socialdemokrate e Kosovës
11%
Aleanca Kosova e Re
6%
Jedinstvena goranska partija
6%
Koalicija Vakat
6%
Kosova Demokratik Türk Partisi
6%
Nova demokratska stranka
6%
Partia Demokratike e Ashkanlive të Kosovës
6%
Partia e Ashkalinjëve për Integrim
6%
Partia Liberale Egjiptiane
6%
Partia Rome e Bashkuar e Kosovës
0%
Samostalna liberalna stranka
0%
Keine übereinstimmenden Quizze gefunden
Verteilung der Resultate
Anzahl Personen mit jedem Resultat
Perzentil nach korrekt beantworteten Fragen
Ihre Resultats-Entwicklung
Sie haben dieses Quiz noch nicht gespielt